Rainbow Six Siege: All Operators - Statistics

General Stats
  • This quiz has been taken 1,666 times
    1,102 since last reset
  • The average score is 41 of 59
Answer Stats
Name % Correct
Elizabeth 'Eliza' Cohen/Ash
91%
Marcus R. 'Mark' Chandar/Mute
86%
James Porter/Smoke
85%
Seamus Cowden/Sledge
84%
Jordan Trace/Thermite
83%
Gustave Kateb/Doc
81%
Julien Nizan/Rook
81%
Michael 'Mike' Baker/Thatcher
81%
Elias Kötz/Blitz
80%
Maxim Basuda/Kapkan
80%
Miles Campbell/Castle
78%
Dominic Brunsmeier/Bandit
77%
Sébastien Côté/Buck
77%
Shuhrat Kessikbayev/Fuze
77%
Christina 'Tina' Lin Tsang/Frost
76%
Jonathan 'Jack' Estrada/Pulse
76%
Marius Streicher/Jäger
76%
Gilles Touré/Montagne
75%
Håvard Haugland/Ace
75%
Monika Weiss/IQ
75%
Timur Glazkov/Glaz
74%
Emmanuelle Pichon/Twitch
73%
Alexsandr Senaviev/Tachanka
72%
Yumiko Imagawa/Hibana
72%
Craig Jenson/Blackbeard
71%
Olivier Flament/Lion
71%
Elżbieta 'Ela' Bosak
70%
Masaru Enatsu/Echo
70%
Chul K. Hwa/Vigil
69%
Lera Melnikova/Finka
69%
Liu T. Long/Lesion
69%
Siu M. Lin/Ying
69%
Ryad R. Al-Hassar/Jackal
68%
Dr. Elena M. Álvarez/Mira
67%
Jaimini K. Shah/Kali
67%
Maxwell 'Max' Goose/Mozzie
67%
Zofia Bosak
67%
Collinn McKinley/Warden
66%
Morowa Evans/Clash
66%
Vincente Souza/Capitão
66%
Adriano Martello/Maestro
64%
Aria de Luca/Alibi
64%
Jalal El-Fassi/Kaid
64%
Meghan J. Castellano/Valkyrie
64%
Ngũgĩ M. Furaha/Wamai
64%
Nienke Meijer/Iana
63%
Victoria T. 'Tori' Fairous/Gridlock
63%
Grace Nam/Dokkaebi
62%
Azucena R. Quispe/Amaru
60%
Erik Thorn/Maverick
60%
Nøkk
60%
Samuel L. 'Sam' Fisher/Zero
60%
Sanaa El Maktoub/Nomad
60%
Thandiwe Ndlovu/Melusi
60%
Saif Al Hadid/Oryx
58%
Apha Taranwoong/Aruni
57%
César R. Hernández/Goyo
56%
Santiago M. Lucero/Flores
52%
Taina Pereira/Caviera
45%
No matching quizzes found
Score Distribution
Percent of People with Each Score
Percentile by Number Answered
Your Score History
You have not taken this quiz since the last reset